[Event "AUTO-OPEN-2588"]
[Site "http://www.queenalice.com/game.php?id=1023199"]
[Date "2012.1.31"]
[Round "1"]
[White "redkitten"]
[Black "ozzyvegeta"]
[Result "0-1"]
[WhiteElo "1970"]
[BlackElo "1945"]

1. a3 e5 2. b4 d5 3. Bb2 Nd7 4. Nc3 Ngf6 5. e3 Be7 6. g3 O-O 7. Bg2 c6 8. Nf3 e4
9. Nd4 Nb6 10. O-O Bg4 11. f3 exf3 12. Bxf3 Qd7 13. Nb3 Bxf3 14. Qxf3 Qg4 15.
Na2 Qxf3 16. Rxf3 Ne4 17. d3 Ng5 18. Rf5 Na4 19. Bd4 g6 20. Rff1 f5 21. h4 Ne6
22. Be5 g5 23. Rf2 gxh4 24. Nd4 Nxd4 25. exd4 hxg3 26. Bxg3 Bg5 27. Be5 Rf7 28.
Rg2 h6 29. Kf2 Raf8 30. Rh1 Rh7 31. Kf3 Nb6 32. Rh5 Nd7 33. Rhxg5+ hxg5 34.
Rxg5+ Kf7 35. Rxf5+ Ke6 36. Rxf8 Nxf8 37. Nc3 Ng6 38. Bb8 a6 39. Na4 Nh4+ 40.
Kg4 Ng2 41. Nc5+ Kf6 42. Be5+ Kg6 43. Kg3 Ne3 44. c3 Nd1 45. c4 dxc4 46. dxc4
Ne3 47. d5 cxd5 48. cxd5 Nxd5 49. Ne6 Re7 50. Nf4+ Kf5 51. Nxd5 Rxe5 52. Nb6 a5
53. Nc4 axb4 54. axb4 Ke4 0-1

[Event "AUTO-OPEN-2588"]
[Site "http://www.queenalice.com/game.php?id=1023222"]
[Date "2012.1.31"]
[Round "1"]
[White "Coreguaje"]
[Black "redkitten"]
[Result "0-1"]
[WhiteElo "2112"]
[BlackElo "1965"]

1. d4 d5 2. c4 c6 3. e3 Nf6 4. Nc3 e6 5. Bd3 Bb4 6. Qc2 Na6 7. Nf3 Bxc3+ 8. Qxc3
Qe7 9. Bd2 Nc7 10. b3 Ne4 11. Bxe4 dxe4 12. Ne5 O-O 13. O-O f5 14. Qb4 Qh4 15.
Qd6 Ne8 16. Qa3 b6 17. Nxc6 Bb7 18. d5 Bxc6 19. dxc6 Nc7 20. Qd6 Rac8 21. Qe5
Rf6 22. Bc3 Rg6 23. Kh1 Ne8 24. Rad1 Rxc6 25. f3 Qg5 26. Rd2 Rd6 27. f4 Qg4 0-1

[Event "AUTO-OPEN-2588"]
[Site "http://www.queenalice.com/game.php?id=1023223"]
[Date "2012.1.31"]
[Round "1"]
[White "redkitten"]
[Black "Coreguaje"]
[Result "1-0"]
[WhiteElo "1940"]
[BlackElo "2165"]

1. d4 Nf6 2. c4 g6 3. Nc3 d5 4. e3 Bg7 5. cxd5 Nxd5 6. Bc4 c6 7. Qf3 e6 8. e4
Nxc3 9. bxc3 Qa5 10. Ne2 Bd7 11. e5 Na6 12. Bg5 O-O 13. Bf6 Nc7 14. h4 Nb5 15.
Bxb5 Qxb5 16. h5 c5 17. h6 1-0

[Event "AUTO-ADV-3260"]
[Site "http://www.queenalice.com/game.php?id=1314457"]
[Date "2014.10.11"]
[Round "1"]
[White "redkitten"]
[Black "jlpbarreto"]
[Result "0-1"]
[WhiteElo "1968"]
[BlackElo "1852"]

1. Nf3 Nf6 2. d4 e6 3. c4 d5 4. e3 b6 5. Nc3 Ba6 6. Be2 dxc4 7. Qa4+ Qd7 8. Qc2
Be7 9. Ne5 Qd8 10. Ne4 b5 11. Ng5 O-O 12. h4 Bb7 13. h5 h6 14. f4 hxg5 15. fxg5
Bb4+ 16. Bd2 Be4 17. Qd1 Nd5 18. g6 fxg6 19. hxg6 Nxe3 20. Qc1 Qxd4 21. Rh2 Nc2+
22. Qxc2 Qg1+ 0-1

[Event "AUTO-ADV-3260"]
[Site "http://www.queenalice.com/game.php?id=1314458"]
[Date "2014.10.11"]
[Round "1"]
[White "jlpbarreto"]
[Black "redkitten"]
[Result "0-1"]
[WhiteElo "1927"]
[BlackElo "1953"]

1. e4 Nf6 2. e5 Nd5 3. c4 Nb6 4. Nf3 d6 5. exd6 exd6 6. Nc3 Nc6 7. d4 Bf5 8. Bd3
Bxd3 9. Qxd3 Nb4 10. Qe2+ Qe7 11. Qxe7+ Bxe7 12. Kd2 Nxc4+ 13. Kd1 O-O-O 14. a3
Nd3 15. Rf1 Rhe8 16. Kc2 Nxc1 17. Raxc1 Bf6 18. Rfe1 c5 19. d5 h6 20. a4 a6 21.
h3 Kd7 22. Nd2 Nb6 23. b3 Bxc3 24. Kxc3 Nxd5+ 25. Kb2 Nb4 0-1

[Event "AUTO-ADV-3260"]
[Site "http://www.queenalice.com/game.php?id=1314459"]
[Date "2014.10.11"]
[Round "1"]
[White "redkitten"]
[Black "kuntakinte"]
[Result "0-1"]
[WhiteElo "1947"]
[BlackElo "1744"]

1. Nc3 c6 2. e4 e5 3. f4 exf4 4. Nf3 d6 5. d4 g5 6. h4 Bg7 7. Nxg5 Qf6 8. Bc4
Nh6 9. Rf1 b5 10. Rxf4 Qg6 11. Bd3 Rf8 12. e5 f5 13. exf6 Bf5 14. fxg7 Rf6 15.
Bxf5 Nxf5 16. Qg4 h5 17. g8=Q+ Qxg8 18. Qxh5+ Kd8 19. Nce4 Rf8 20. Bd2 Nd7 21.
Ba5+ Kc8 22. Nh7 Rf7 23. Neg5 Re7+ 24. Re4 Ng3 25. Qf3 Nxe4 26. Nxe4 Qxh7 27.
O-O-O Rxe4 28. Qh3 Rxh4 29. Qc3 Qe4 0-1

[Event "AUTO-ADV-3260"]
[Site "http://www.queenalice.com/game.php?id=1314460"]
[Date "2014.10.11"]
[Round "1"]
[White "kuntakinte"]
[Black "redkitten"]
[Result "1-0"]
[WhiteElo "1768"]
[BlackElo "1923"]

1. e4 d5 2. e5 c5 3. c4 d4 4. Nf3 Nc6 5. d3 Qc7 6. Bf4 Bf5 7. Qd2 e6 8. Be2 Nge7
9. O-O Ng6 10. a3 Ncxe5 11. Bxe5 Nxe5 12. Nxe5 Qxe5 13. Re1 Bd6 14. g3 Bh3 15.
Bf3 h5 16. Rxe5 Bxe5 17. Bxb7 Rb8 18. Bc6+ Ke7 19. Qg5+ Bf6 20. Qxc5+ Kd8 21.
Qd6+ 1-0

[Event "AUTO-ADV-3260"]
[Site "http://www.queenalice.com/game.php?id=1314461"]
[Date "2014.10.11"]
[Round "1"]
[White "redkitten"]
[Black "FisicaModerna"]
[Result "0-1"]
[WhiteElo "1888"]
[BlackElo "1996"]

1. d4 Nf6 2. c4 g6 3. Nc3 Bg7 4. e4 d6 5. f4 c5 6. d5 O-O 7. Nf3 a6 8. Bd3 b5 9.
cxb5 axb5 10. Bxb5 Nxe4 11. Nxe4 Qa5+ 12. Nc3 Bxc3+ 13. bxc3 Qxb5 14. Qc2 Ba6
15. h4 Nd7 16. h5 Nf6 17. hxg6 hxg6 18. f5 gxf5 19. Bg5 Qd3 20. Qxd3 Bxd3 21.
Bxf6 exf6 0-1

[Event "AUTO-ADV-3260"]
[Site "http://www.queenalice.com/game.php?id=1314462"]
[Date "2014.10.11"]
[Round "1"]
[White "FisicaModerna"]
[Black "redkitten"]
[Result "1-0"]
[WhiteElo "1983"]
[BlackElo "1901"]

1. e4 d5 2. exd5 Qxd5 3. Nc3 Qa5 4. d4 e5 5. Nf3 e4 6. Nd2 Nf6 7. Qe2 Bf5 8. f3
Be7 9. Nc4 Qa6 10. fxe4 Bg4 11. Qd2 Qe6 12. d5 Qe5 13. Bd3 Qh5 14. Qf4 Nbd7 15.
O-O Bc5+ 16. Kh1 O-O-O 17. e5 Ne8 18. d6 cxd6 19. Nxd6+ Nxd6 20. exd6 Nf6 21.
Nb5 1-0

[Event "Challenge"]
[Site "http://www.queenalice.com/game.php?id=1461134"]
[Date "2017.1.25"]
[Round "-"]
[White "redkitten"]
[Black "APSHOOTER"]
[Result "1-0"]
[WhiteElo "1876"]
[BlackElo "1649"]

1. e4 e5 2. f4 d6 3. Nf3 Bg4 4. Bc4 Be7 5. Nc3 a6 6. d4 Nc6 7. dxe5 dxe5 8. O-O
Bc5+ 9. Kh1 Qxd1 10. Rxd1 Nf6 11. fxe5 Nd7 12. Bf4 O-O-O 13. a3 Bxf3 14. gxf3
Ncxe5 15. Be2 h6 16. b4 Bd6 17. Be3 g5 18. Nd5 Kb8 19. c4 Nc6 20. b5 axb5 21.
cxb5 Nce5 22. a4 Bc5 23. b6 c6 24. Bxc5 cxd5 25. Bd6+ Ka8 26. Rxd5 Nxb6 27. Ra5#
1-0

[Event "Challenge"]
[Site "http://www.queenalice.com/game.php?id=1461136"]
[Date "2017.1.25"]
[Round "-"]
[White "adelio"]
[Black "redkitten"]
[Result "0-1"]
[WhiteElo "1631"]
[BlackElo "1860"]

1. d4 d5 2. e4 dxe4 3. Nc3 Nf6 4. f3 Bf5 5. g4 Bg6 6. h4 exf3 7. Qxf3 Nc6 8. Be3
Nxd4 9. Bxd4 Qxd4 10. Qxb7 Qe3+ 11. Nge2 Rd8 12. Qc6+ Nd7 13. Nd5 Qe5 14. Nxc7+
Qxc7 15. Qxc7 e5 16. Qc6 Bc5 17. Nc3 O-O 18. Bc4 Bxc2 19. h5 e4 20. Kd2 Ne5+ 21.
Qd5 Nxc4+ 22. Kxc2 Ne3+ 23. Kc1 Nxd5 24. Nxd5 Rxd5 25. Kc2 Rc8 26. Kb3 Bf2 27.
a4 Rd3+ 28. Kb4 Rc2 29. Rhb1 Bc5+ 30. Kb5 Rb3+ 31. Kc6 Bb6+ 32. Kd5 Rb4 33. a5
Rc5+ 34. Kd6 Rd4+ 35. Ke7 Re5# 0-1

[Event "AUTO-OPEN-3758"]
[Site "http://www.queenalice.com/game.php?id=1461402"]
[Date "2017.1.27"]
[Round "1"]
[White "juim"]
[Black "redkitten"]
[Result "1-0"]
[WhiteElo "1709"]
[BlackElo "1883"]

1. e4 Nf6 2. d3 Nc6 3. Bg5 d6 4. Bxf6 gxf6 5. Nc3 e5 6. Nd5 Be6 7. Qf3 Bxd5 8.
exd5 Nd4 9. Qd1 Bh6 10. Qh5 Nxc2+ 11. Ke2 Nxa1 12. Qxh6 Qd7 13. Qc1 Qf5 14. Qxa1
O-O-O 15. g3 e4 16. Qb1 Rhe8 17. Bh3 Kb8 18. Bxf5 1-0

[Event "AUTO-OPEN-3758"]
[Site "http://www.queenalice.com/game.php?id=1461403"]
[Date "2017.1.27"]
[Round "1"]
[White "redkitten"]
[Black "juim"]
[Result "1-0"]
[WhiteElo "1885"]
[BlackElo "1725"]

1. Nf3 d5 2. b3 Bg4 3. Bb2 Bxf3 4. gxf3 e6 5. e4 dxe4 6. fxe4 Nc6 7. Qf3 f6 8.
Bc4 Qd7 9. Nc3 Ne5 10. Qh5+ g6 11. Qe2 Nxc4 12. Qxc4 O-O-O 13. O-O-O Nh6 14. Nb5
a6 15. Nxc7 Qxc7 16. Bxf6 Qxc4 17. bxc4 Bc5 18. Bxh8 Rxh8 19. d4 Bb6 20. c5 Ba7
21. c4 Rf8 22. Rd2 Rf3 23. Kb2 Ng4 24. d5 Bxc5 25. dxe6 Nf6 26. e5 Ne4 27. Rd7
Rxf2+ 28. Kb3 Rf3+ 29. Kc2 Rf5 30. Rhd1 Rf2+ 31. Kb3 Kb8 32. e7 Rf3+ 33. Kc2
Bxe7 34. Rxe7 h5 35. Rd8+ Ka7 36. Rc8 Rf2+ 37. Kd3 Ng5 38. c5 Rxh2 39. c6 Rh3+
40. Kc2 Rh4 41. Rxb7# 1-0

[Event "AUTO-OPEN-3758"]
[Site "http://www.queenalice.com/game.php?id=1461430"]
[Date "2017.1.27"]
[Round "1"]
[White "redkitten"]
[Black "NN19"]
[Result "1-0"]
[WhiteElo "1895"]
[BlackElo "1478"]

1. e4 e6 2. d4 d5 3. e5 c5 4. Nf3 Nc6 5. c3 Nge7 6. Bf4 Ng6 7. Be3 cxd4 8. Bxd4
Nxd4 9. cxd4 Be7 10. Nc3 O-O 11. Bd3 a6 12. Qc2 b5 13. h4 Nf4 14. Bxh7+ Kh8 15.
Ng5 g6 16. g3 Nh5 17. Bxg6 Bxg5 18. hxg5 fxg6 19. Qxg6 1-0

[Event "AUTO-OPEN-3758"]
[Site "http://www.queenalice.com/game.php?id=1461431"]
[Date "2017.1.27"]
[Round "1"]
[White "NN19"]
[Black "redkitten"]
[Result "0-1"]
[WhiteElo "1398"]
[BlackElo "1910"]

1. d4 Nc6 2. Nf3 e6 3. e4 d5 4. e5 a6 5. Bg5 Be7 6. Be3 b5 7. c3 Na5 8. Nbd2 Nc4
9. Bxc4 bxc4 10. Nf1 Bd7 11. Ng3 Rc8 12. O-O c5 13. Nd2 cxd4 14. cxd4 a5 15. f4
Qb6 16. Rb1 Nh6 17. Qh5 Qc6 18. f5 exf5 19. Bxh6 Qxh6 20. Qxh6 gxh6 21. Nxf5 Rg8
22. Rbe1 a4 0-1

[Event "Challenge"]
[Site "http://www.queenalice.com/game.php?id=1464673"]
[Date "2017.2.15"]
[Round "-"]
[White "The_Clown"]
[Black "redkitten"]
[Result "0-1"]
[WhiteElo "1814"]
[BlackElo "1897"]

1. e4 h5 2. d4 b6 3. d5 Bb7 4. Nc3 c5 5. Bb5 Qc7 6. f4 a6 7. Be2 Nf6 8. Nf3 e6
9. O-O Be7 10. dxe6 dxe6 11. e5 Ne4 12. Nxe4 Bxe4 13. c4 Nc6 14. b3 Rd8 15. Qe1
h4 16. h3 Rh6 17. Ng5 Bf5 18. Bf3 Nd4 19. Rf2 Rg6 20. Bh5 Rxg5 21. fxg5 Nc2 22.
Qe2 Nxa1 23. Bb2 Nc2 24. g6 fxg6 25. Rxf5 exf5 26. Bxg6+ Kf8 27. Qxc2 Qd7 28.
Qxf5+ Qxf5 29. Bxf5 Rd1+ 30. Kh2 Bg5 31. Bg4 Bf4+ 32. g3 Bxg3+ 33. Kg2 Rd2+ 34.
Kf3 Rxb2 35. e6 Rxa2 36. Ke4 Ke7 37. Kd5 Rb2 38. Kc6 Rxb3 39. Kb7 b5 40. cxb5
axb5 41. Kb6 Bd6 42. Kc6 c4 43. Kd5 Rd3+ 44. Ke4 b4 45. Be2 Kxe6 46. Bxd3 cxd3
47. Kxd3 Kf5 48. Ke3 b3 49. Kd2 Be5 50. Kc1 g5 51. Kd2 g4 0-1

[Event "Challenge"]
[Site "http://www.queenalice.com/game.php?id=1482403"]
[Date "2017.6.15"]
[Round "-"]
[White "redkitten"]
[Black "BasterMater"]
[Result "1-0"]
[WhiteElo "1912"]
[BlackElo "1882"]

1. Nc3 c6 2. d4 d5 3. g3 Nf6 4. Bg2 Bg4 5. Nf3 e6 6. Ne5 Bh5 7. Qd3 Bd6 8. e4
Bg6 9. Nxg6 hxg6 10. e5 Ng4 11. exd6 Qxd6 12. Bf4 e5 13. dxe5 1-0